Central Library OPAC University of Rajshahi

Administration and organisation of college libraries in India / (Record no. 1000)

MARC details
000 -LEADER
fixed length control field 00845cam a22002651a 4500
001 - CONTROL NUMBER
control field 1000
003 - CONTROL NUMBER IDENTIFIER
rucl marc code BD-RjUL
005 - DATE AND TIME OF LATEST TRANSACTION
control field 20211208233249.0
008 - FIXED-LENGTH DATA ELEMENTS--GENERAL INFORMATION
fixed length control field 131124s1969 ii 001 0 eng d
035 ## - SYSTEM CONTROL NUMBER
System control number (BD-RjUL)1022
040 ## - CATALOGING SOURCE
Original cataloging agency DLC
Transcribing agency DLC
Modifying agency BD-RjUL
Language of cataloging eng
041 ## - LANGUAGE CODE
Language code of text/sound track or separate title eng
082 00 - DEWEY DECIMAL CLASSIFICATION NUMBER
Classification number 027.70954
Edition number 16
Author mark and year TRA 1969
100 1# - MAIN ENTRY--PERSONAL NAME
Personal name Trehan, G. L.,
Dates associated with a name 1912-
9 (RLIN) 2947
Fuller form of name G. L.Trehan.
245 10 - TITLE STATEMENT
Title Administration and organisation of college libraries in India /
Statement of responsibility, etc. by G.L. Trehan. Foreword by B.V.R. Rao.
250 ## - EDITION STATEMENT
Edition statement [1st ed.]
260 ## - PUBLICATION, DISTRIBUTION, ETC. (IMPRINT)
Place of publication, distribution, etc. Delhi:
Name of publisher, distributor, etc. Sterling Publishers,
Date of publication, distribution, etc. c 1969
300 ## - PHYSICAL DESCRIPTION
Pagination xvi, 252 p. ;
Size 22 cm.
504 ## - BIBLIOGRAPHY, ETC. NOTE
Bibliography, etc Bibliography: p. 241-245.
650 #0 - SUBJECT ADDED ENTRY--TOPICAL TERM
Topical term or geographic name as entry element Academic libraries
Geographic subdivision India
General subdivision Administration.
9 (RLIN) 2948
856 ## - ELECTRONIC LOCATION AND ACCESS
Uniform Resource Identifier <a href="Worldcat details">Worldcat details</a>
Link text http://www.worldcat.org.
942 ## - ADDED ENTRY ELEMENTS (KOHA)
Source of classification or shelving scheme Dewey Decimal Classification
Koha item type Books
Holdings
Lost status Source of classification or shelving scheme Damaged status Not for loan Collection code Permanent Location Current Location Shelving location Date acquired Source of acquisition Total Checkouts Full call number Date last seen Copy number Koha item type
  Dewey Decimal Classification   Not For Loan Non-fiction Central Library, University of Rajshahi Central Library, University of Rajshahi Reading Room 10/02/1969 Goverment gift   027.70954 TRA 1969 24/11/2013 C-1 Books